Batu Pahat district, Johore

Bibliographic Details
Main Author: MUSTAFA bin Muda
Format: Book
Published: [Kepong] : Forest Research Institute , 1967
Series:Forest resources reconnaissance survey of Malaya. report; no.11
Subjects:

MARC

LEADER 00000cam a2200000 7i4500
001 0000001679
005 20011017.0
090 0 0 |a 634.9285   |b MUS 1967 
100 0 0 |a MUSTAFA bin Muda 
245 1 0 |a Batu Pahat district, Johore   |c by Mustafa bin Muda 
260 0 0 |a [Kepong] :   |b Forest Research Institute ,   |c 1967 
300 |a 1 v., (various pagings) :   |b ill., maps (2 fold. in pocket) ;   |c 33 cm. 
440 0 0 |a Forest resources reconnaissance survey of Malaya. report; no.11 
650 0 0 |a Forest surveys   |z Malaysia   |z Johore 
650 0 0 |a Forests and forestry   |x Mensuration 
650 0 0 |a Surveys 
998 |a JPSM 
999 |a 0000002629   |b Monograph   |c Open Shelf   |e Default branch 
999 |a 0000002967   |b Monograph   |c Open Shelf   |e Default branch 
999 |a 0000002973   |b Monograph   |c Open Shelf   |e Default branch